[Event "20th Belgrade Trophy"]
[Site "Belgrade SRB"]
[Date "2007.11.23"]
[Round "2"]
[White "Irizanin,R"]
[Black "Kerecki,L"]
[Result "0-1"]
[WhiteElo "2325"]
[BlackElo "2159"]

1.d4 d5 2.Nf3 c6 3.c4 Nf6 4.Nc3 dxc4 5.a4 Bf5 6.e3 Bd3 7.Bxd3 cxd3 8.Qxd3 e6
9.O-O Na6 10.e4 h6 11.Bf4 Be7 12.Rad1 Qb6 13.Rfe1 Rd8 14.Ne5 Nb4 15.Qe2 O-O
16.Be3 Qc7 17.f4 a6 18.Qf2 Bd6 19.h3 c5 20.dxc5 Bxe5 21.fxe5 Nd7 22.Rf1 Nxe5
23.Qg3 Kh7 24.Kh2 Rd3 25.Rxd3 Nbxd3 26.Bd4 Rd8 27.Ne2 f6 28.Kh1 Qc6 29.Qe3 Qxa4
30.Bc3 Qc4 31.Nd4 Nxb2 32.Rb1 Na4 33.Ba1 Nxc5 34.Rc1 Qd3 35.Qe1 Rxd4 36.Bxd4 Qxd4
37.Rb1 b5 38.Rd1 Ned3 39.Qd2 Nf2+ 40.Kh2 Qe5+  0-1

[Event "20th Belgrade Trophy"]
[Site "Belgrade SRB"]
[Date "2007.11.23"]
[Round "2"]
[White "Ivanovic,L"]
[Black "Arbutina,S"]
[Result "0-1"]
[WhiteElo "1530"]
[BlackElo "2293"]

1.d4 d5 2.c4 c6 3.Nc3 Nf6 4.Nf3 dxc4 5.a4 Bf5 6.e3 e6 7.Bxc4 Bb4 8.O-O O-O
9.Qe2 Bg4 10.h3 Bxf3 11.Qxf3 Nbd7 12.Rd1 e5 13.Ba2 Qa5 14.Ne4 Rad8 15.dxe5 Nxe4
16.Qxe4 Nxe5 17.Rd4 Rxd4 18.exd4 Nd7 19.Be3 Nf6 20.Qe5 Re8 21.Qxa5 Bxa5 22.Rd1 Bb6
23.b4 a6 24.Bc4 Rd8 25.b5 cxb5 26.axb5 a5 27.d5 Bxe3 28.fxe3 b6 29.Kf2 Ne4+
30.Kf3 Nd6 31.Bd3 Rc8 32.e4 f6 33.Ke3 Kf8 34.Kd4 Nf7 35.Rd2 Ke7 36.Rc2 Rxc2
37.Bxc2 Kd6 38.Ba4 Ne5 39.Bc2 g5 40.Bd1 Nd7 41.Bb3 h5 42.Bd1 h4 43.Bb3 Nc5
44.Bc2 a4 45.Kc3 a3 46.Bb1 Ke5 47.Kb4 Nxe4 48.Ba2 Nd6 49.Kxa3 Nf5 50.Bb1 Ne3
51.d6 Kxd6 52.Be4 Ke5 53.Bc6 Kd4 54.Kb3 f5 55.Kb2 g4 56.hxg4 fxg4 57.Kc1 Kd3
58.Kb2 h3 59.gxh3 gxh3 60.Kb3 h2 61.Bh1 Nd1 62.Kb4 Nf2 63.Bc6 Kd4  0-1

[Event "WYb18"]
[Site "Kemer TUR"]
[Date "2007.11.24"]
[Round "7"]
[White "Enchev,I"]
[Black "Lintchevski,D"]
[Result "1/2-1/2"]
[WhiteElo "2319"]
[BlackElo "2445"]

1.d4 d5 2.c4 c6 3.Nc3 Nf6 4.Nf3 dxc4 5.a4 Bf5 6.e3 e6 7.Bxc4 Nbd7 8.O-O Bb4
9.Qb3 a5 10.h3 Qb6 11.Nh4 O-O 12.Nxf5 exf5 13.Bd3 g6 14.Na2 Bd6 15.Qxb6 Nxb6
16.Nc3 Nbd5 17.Bd2 Nb4 18.Bc4 Rfe8 19.Rac1 Kg7 20.Rfd1 Rac8 21.Na2 Nfd5 22.Nxb4 Nxb4
23.Bc3 Kg8 24.Bxb4 Bxb4  1/2-1/2

[Event "20th Belgrade Trophy"]
[Site "Belgrade SRB"]
[Date "2007.11.25"]
[Round "4"]
[White "Maksimovic,Mir"]
[Black "Jovanovic,De"]
[Result "1-0"]
[WhiteElo "2206"]
[BlackElo "2037"]

1.d4 d5 2.c4 c6 3.Nf3 Nf6 4.Nc3 dxc4 5.a4 Bf5 6.e3 e6 7.Bxc4 Bd6 8.O-O h6
9.Re1 Ne4 10.Bd3 Nxc3 11.bxc3 Bxd3 12.Qxd3 O-O 13.e4 c5 14.e5 Be7 15.Re4 Kh8
16.Rg4 Rg8 17.Ng5 Bxg5 18.Bxg5 f6 19.exf6 gxf6 20.Rh4 Rxg5 21.Rxh6+ Kg8 22.Qh7+ Kf8
23.Qh8+ Rg8 24.Rxf6+ Ke7 25.Qh4 Kd7 26.Qh7+ Kc8 27.Rf7 Nc6 28.Rxb7 Rh8 29.Qf7 Rf8
30.Rc7+ Qxc7 31.Qxf8+ Nd8 32.dxc5 Rb8 33.Rd1 Kb7 34.h4 Ka8 35.Qf3+ Nb7 36.c6 Na5
37.h5 Qxc6 38.Qxc6+ Nxc6 39.Rd6 Ne5 40.Rxe6 Ng4 41.g3 Rb1+ 42.Kg2 Rb2 43.Re8+ Kb7
44.Rf8 Kc7 45.Rf4 Ne3+ 46.Kh3 Nd5 47.Rf7+ Kd6 48.f4 a5 49.Ra7 Nxc3 50.Rxa5 Ke6
51.g4 Rb4 52.f5+ Kf6 53.Ra6+ Kg7 54.g5 Rxa4 55.h6+ Kh7 56.Rxa4 Nxa4 57.Kg4 Nc5
58.Kh5 Ne4 59.g6+ Kg8  1-0

[Event "20th Belgrade Trophy"]
[Site "Belgrade SRB"]
[Date "2007.11.25"]
[Round "4"]
[White "Kolarevic,D"]
[Black "Arbutina,S"]
[Result "1/2-1/2"]
[WhiteElo "2155"]
[BlackElo "2293"]

1.d4 d5 2.c4 c6 3.Nf3 Nf6 4.Nc3 dxc4 5.a4 Bf5 6.e3 e6 7.Bxc4 Bb4 8.O-O Nbd7
9.Qe2 Bg6 10.Bd3 Qa5 11.e4 O-O 12.e5 Nd5 13.Nxd5 cxd5 14.Bxg6 hxg6 15.Ng5 Be7
16.Qg4 Bxg5 17.Bxg5 Qb4 18.Ra3 Rae8 19.Qh4 f6 20.exf6 Nxf6 21.Rh3 Qxb2 22.Rc1 Qb6
23.g4 Qxd4 24.Qh8+ Kf7 25.Rc7+ Re7 26.Rxe7+ Kxe7 27.Qxg7+ Rf7 28.Qxg6 Qxg4+
29.Rg3 Qxa4 30.h4 Qe4 31.Qg8  1/2-1/2

[Event "WYb16"]
[Site "Kemer TUR"]
[Date "2007.11.26"]
[Round "9"]
[White "Leniart,A"]
[Black "Kharchenko,B"]
[Result "0-1"]
[WhiteElo "2329"]
[BlackElo "2427"]

1.d4 d5 2.c4 c6 3.Nf3 Nf6 4.Nc3 dxc4 5.a4 Bf5 6.e3 e6 7.Bxc4 Bb4 8.O-O Nbd7
9.Qe2 Bg6 10.Rd1 Qc7 11.h3 h6 12.Ne1 e5 13.Nd3 Bd6 14.f4 Bxd3 15.Bxd3 exd4
16.exd4+ Kf8 17.Qf3 h5 18.g3 g6 19.f5 Kg7 20.fxg6 fxg6 21.Ne4 Rae8 22.Rf1 Rhf8
23.Qe3 Ng8 24.Rxf8 Bxf8 25.Qf2 Ngf6 26.Nxf6 Nxf6 27.Bf4 Bd6 28.Bh6+ Kxh6
29.Qxf6 Rg8 30.Qe6 Qe7 31.Qxe7 Bxe7 32.Be4 Rd8 33.Rd1 Bf6 34.b4 Bxd4+ 35.Kg2 Rd6
36.b5 cxb5 37.axb5 a6 38.b6 a5 39.Bxb7 Rxb6 40.Rxd4 Rxb7 41.h4 Kg7 42.Kh3 Rb4
43.Rd7+ Kf6 44.Rd6+ Kf7 45.Ra6 a4 46.Kg2 Rg4 47.Kf3 Ke7 48.Kf2 Kd7 49.Rf6 Kc7
50.Rf3 Kc6 51.Ke2 Kc5 52.Kd2 Rb4 53.Rf6 Rb6 54.Rf4 Rb2+ 55.Kc1 a3 56.Rf3 Kb4
57.Rf4+ Ka5 58.Rf3 Ka4 59.Rf6 Rg2 60.Rxg6 a2 61.Ra6+ Kb3 62.Rb6+ Kc3 63.Rc6+ Kd3
64.Ra6 Rc2+ 65.Kd1 Rb2  0-1

[Event "20th Belgrade Trophy"]
[Site "Belgrade SRB"]
[Date "2007.11.27"]
[Round "6"]
[White "Dzunic,V"]
[Black "Mirkovic,St"]
[Result "1-0"]
[WhiteElo "2031"]
[BlackElo "2250"]

1.Nf3 Nf6 2.d4 d5 3.c4 c6 4.Nc3 dxc4 5.a4 Bf5 6.e3 e6 7.Bxc4 Bb4 8.O-O O-O
9.Qe2 Ne4 10.Nxe4 Bxe4 11.Bd3 Bxd3 12.Qxd3 Nd7 13.e4 Qa5 14.e5 Rfd8 15.Bg5 Re8
16.Qe4 Rac8 17.Rfd1 Nb6 18.Qg4 Nd5 19.Bh6 Bf8 20.Nd2 f5 21.exf6 Nxf6 22.Qg3 Qf5
23.Bg5 Ne4 24.Nxe4 Qxe4 25.Bf4 Rcd8 26.Be5 Qg6 27.Qb3 Rd7 28.Rd3 c5 29.Re1 Red8
30.Rg3 Qf5 31.Rf3 Qg6 32.dxc5 Bxc5 33.Bc3 Re7 34.Bf6 gxf6 35.Rg3 Rd2 36.Rxg6+ hxg6
37.Rf1 Kg7 38.Qc3 Rd5 39.b4 Bd4 40.Qc4 Rdd7 41.g3 e5 42.Rc1 a5 43.Rc2 axb4
44.Qxb4 b6 45.Rc8 Bc5 46.Qh4  1-0

[Event "WYb14"]
[Site "Kemer TUR"]
[Date "2007.11.27"]
[Round "10"]
[White "Manoeuvre,A"]
[Black "Skoulakis,C"]
[Result "1/2-1/2"]
[WhiteElo "2090"]
[BlackElo "1953"]

1.d4 d5 2.c4 c6 3.Nf3 Nf6 4.Nc3 dxc4 5.a4 Bf5 6.e3 e6 7.Bxc4 Bb4 8.O-O O-O
9.Qb3 a5 10.Na2 Nd5 11.Ne5 Na6 12.f3 Bg6 13.Rd1 c5 14.Kh1 cxd4 15.exd4 Rc8
16.Nc3 Qc7 17.Bd2 Nxc3 18.Bxc3 Bxc3 19.bxc3 Rfd8 20.Rac1 Nb8 21.Qb5 Nd7 22.Nxg6 hxg6
23.Bf1 Nf6 24.c4 Qf4 25.Qxb7 Nd5 26.Qb2 Ne3 27.Qd2 Qh6 28.Qxa5 Nxd1 29.Rxd1 Ra8
30.Qe5 Rxa4 31.c5 Rd5 32.Qe4 Rxc5 33.dxc5 Rxe4 34.c6 Rh4 35.c7 Rxh2+ 36.Kg1 Rh1+
37.Kf2 Qh4+ 38.g3 Rh2+ 39.Bg2 Qc4 40.Rd8+ Kh7 41.c8=Q Qa2+ 42.Ke3 Qa3+ 43.Ke4 f5+
44.Ke5 Qe3+ 45.Kd6 Qd4+ 46.Ke7 Qf6+ 47.Kd6 Qd4+ 48.Ke7  1/2-1/2

[Event "TCh-AUT 1st Bundesliga 2007-8"]
[Site "Baden AUT"]
[Date "2007.11.30"]
[Round "1"]
[White "Babula,V"]
[Black "Pilaj,H"]
[Result "1-0"]
[WhiteElo "2596"]
[BlackElo "2383"]

1.d4 d5 2.c4 c6 3.Nf3 Nf6 4.Nc3 dxc4 5.a4 Bf5 6.Nh4 Bg4 7.h3 Bh5 8.g4 Bg6
9.Nxg6 hxg6 10.e4 e5 11.Bxc4 exd4 12.e5 Bb4 13.exf6 Qxf6 14.O-O Rxh3 15.Kg2 Rh4
16.Re1+ Kf8 17.Ne4 Qe5 18.f4 Qe7 19.Bd2 Bxd2 20.Nxd2 Qd6 21.Qf3 Nd7 22.Rh1 g5
23.Ne4 Qb4 24.Nxg5 Qxb2+ 25.Kg3 Rxh1 26.Rxh1  1-0

[Event "TCh-AUT 1st Bundesliga 2007-8"]
[Site "Baden AUT"]
[Date "2007.11.30"]
[Round "1"]
[White "Gyimesi,Z"]
[Black "Horvath,Cs1"]
[Result "1/2-1/2"]
[WhiteElo "2610"]
[BlackElo "2536"]

1.d4 d5 2.c4 c6 3.Nf3 Nf6 4.Nc3 dxc4 5.a4 Bf5 6.Ne5 Nbd7 7.Nxc4 Qc7 8.g3 e5
9.dxe5 Nxe5 10.Bf4 Nfd7 11.Bg2 f6 12.O-O Rd8 13.Qc1 Be6 14.Nxe5 Nxe5 15.a5 a6
16.Ne4 Bb4 17.Nc5 Bd5 18.Ra4 Bxc5 19.Qxc5 Bxg2 20.Kxg2 Rd5 21.Qa3 Qe7 22.Qa2 Qf7
23.Qa3 Qe7 24.Qa2 Qf7 25.Qa3  1/2-1/2

[Event "20th Belgrade Trophy"]
[Site "Belgrade SRB"]
[Date "2007.11.30"]
[Round "9"]
[White "Rajkovic,Du"]
[Black "Martinovic,Sl"]
[Result "1-0"]
[WhiteElo "2522"]
[BlackElo "2447"]

1.d4 d5 2.c4 c6 3.Nf3 Nf6 4.Nc3 dxc4 5.a4 Bf5 6.e3 e6 7.Bxc4 Bb4 8.O-O O-O
9.Qb3 Qe7 10.h3 c5 11.Nh4 Be4 12.Nxe4 Nxe4 13.Nf3 Nf6 14.dxc5 Qxc5 15.e4 Nc6
16.Be3 Qa5 17.Rfd1 Rad8 18.e5 Ne4 19.Qc2 Nc5 20.Bb5 Nd7 21.Bg5 Ndxe5 22.Bxd8 Nxf3+
23.gxf3 Nxd8 24.f4 a6 25.Bf1 Be7 26.Rd7 Bf6 27.Rb1 Nc6 28.Qc4 Qf5 29.Rbd1 Bxb2
30.Qb3 Bf6 31.Qxb7 Nb8 32.Rc7 Qxf4 33.Rc4 Qg5+ 34.Bg2 g6 35.Rb1 Be5 36.Rg4 Qf6
37.Qf3 Qd8  1-0

[Event "Parsvnath ch-Commonwealth"]
[Site "New Delhi IND"]
[Date "2007.12.03"]
[Round "1"]
[White "Abhilash,R"]
[Black "Abdulla,AlR"]
[Result "0-1"]
[WhiteElo "2069"]
[BlackElo "2506"]

1.d4 d5 2.Nf3 Nf6 3.c4 c6 4.Nc3 dxc4 5.a4 Bf5 6.e3 e6 7.Bxc4 Bb4 8.O-O O-O
9.Qe2 Nbd7 10.e4 Bg6 11.e5 Nd5 12.Ne4 h6 13.Bd2 Be7 14.a5 Rc8 15.Rfd1 Re8
16.Kh1 c5 17.dxc5 Nxc5 18.Nxc5 Bxc5 19.Bxd5 exd5 20.Bc3 Be4 21.Ne1 a6 22.Ra4 Qh4
23.f3 Bxf3 24.Rxh4 Bxe2 25.Rxd5 Red8 26.Rxd8+ Rxd8 27.Re4 Bb5 28.h3 Rd1 29.Kh2 Kf8
30.Kg3 Ke7 31.h4 g6 32.b4 Ba7 33.Nf3 Bc6 34.Re2 Rd3 35.Bd2 h5 36.Kf4 Bb8
37.Re3 Rxe3 38.Bxe3 f6 39.Bd4 Ke6 40.Ke3 Bxf3 41.gxf3 Bxe5 42.Bc5 Bg3 43.f4 Kf5
44.Bd6 g5 45.hxg5 fxg5  0-1

[Event "Parsvnath ch-Commonwealth"]
[Site "New Delhi IND"]
[Date "2007.12.04"]
[Round "3"]
[White "Oliver,G"]
[Black "Niji,A1"]
[Result "1-0"]
[WhiteElo "2164"]
[BlackElo "1925"]

1.d4 d5 2.c4 c6 3.Nc3 Nf6 4.Nf3 dxc4 5.a4 Bf5 6.Ne5 e6 7.f3 Nbd7 8.e4 Bg6
9.Nxc4 Bb4 10.Bf4 O-O 11.Qb3 a5 12.Rd1 Qe7 13.Be2 c5 14.Bd6 Qd8 15.Bxf8 Qxf8
16.d5 exd5 17.exd5 Qe7 18.Kf2 Ne5 19.Rhe1 Nxc4 20.Bxc4 Qd6 21.Kg1 Rd8 22.Nb5 Qb6
23.Re2 Kf8 24.d6 Rd7 25.Qe3 Qd8 26.Nc7 Rxc7 27.dxc7 Qxd1+ 28.Kf2 Qd7 29.Qe7+ Qxe7
30.c8=Q+ Qe8 31.Rxe8+ Nxe8 32.f4 Ke7 33.f5 Bh5 34.Qxb7+ Kd8 35.Qd5+ Kc7 36.Qe5+ Kd8
37.Bb5 Nc7 38.Qd6+ Kc8 39.Bd7+ Kb7 40.Qc6+ Kb8 41.Qb6+ Ka8 42.Bc6+  1-0

[Event "Parsvnath ch-Commonwealth"]
[Site "New Delhi IND"]
[Date "2007.12.04"]
[Round "3"]
[White "Mohana,P"]
[Black "Nimmy,A"]
[Result "0-1"]
[WhiteElo "1988"]
[BlackElo "2196"]

1.d4 d5 2.c4 c6 3.Nf3 Nf6 4.Nc3 dxc4 5.a4 Bf5 6.e3 e6 7.Bxc4 Bb4 8.O-O Nbd7
9.Qe2 Bg6 10.e4 Bxc3 11.bxc3 Nxe4 12.Ba3 Qc7 13.Rfe1 O-O-O 14.a5 Nxc3 15.Qb2 Nd5
16.Rec1 Nf4 17.Be7 Rde8 18.Qa3 Rxe7 19.Qxe7 Be4 20.Qa3 g5 21.a6 b6 22.Bb5 Kb8
23.Rc3 Nxg2 24.Bxc6 Bxc6 25.d5 Nh4 26.Rxc6 Nxf3+ 27.Qxf3 Qe5 28.Rac1 Qf5
29.Qxf5 exf5 30.Rc7 Nc5 31.Rxf7 f4 32.d6 Rd8 33.Re1 Nxa6 34.d7 Nc5 35.Ree7 a5
36.Rxh7 a4 37.Re2 Rxd7 38.Rxd7 Nxd7 39.Kf1 Kc7 40.Ke1 Kd6 41.Kd2 b5 42.Kc3 Kc5
43.Re4 Kd5 44.Rd4+ Kc6 45.Kb4 Nf6 46.f3 Nd5+ 47.Ka3 Kc5 48.Rd2 Nc3 49.Rd8 b4+
50.Kb2 Kc4 51.Rc8+ Kd3 52.Rb8 Kc4 53.Rc8+ Kd3 54.Rb8 Nd5 55.Ra8 a3+ 56.Kb3 g4
57.fxg4 f3 58.Rf8 Ke2 59.Re8+ Ne3 60.g5  0-1

[Event "ch-GRE"]
[Site "Igoumenitsa GRE"]
[Date "2007.12.05"]
[Round "5"]
[White "Galopoulos,N"]
[Black "Georgiadis,I"]
[Result "0-1"]
[WhiteElo "2172"]
[BlackElo "2377"]

1.d4 d5 2.c4 c6 3.Nf3 Nf6 4.Nc3 dxc4 5.a4 Bf5 6.Ne5 e6 7.Nxc4 c5 8.e3 Nc6
9.Ne5 cxd4 10.Nxc6 bxc6 11.exd4 Bb4 12.Bc4 O-O 13.O-O Nd5 14.Nxd5 cxd5 15.Bd3 Bxd3
16.Qxd3 Qb6 17.Be3 Rab8 18.Rfc1 Be7 19.Rab1 Rfc8 20.b3 Bf6 21.Bf4 Ra8 22.Be3 h6
23.Rc3 Qb4 24.Rbc1 Rxc3 25.Rxc3 Rb8 26.g3 g5 27.Kg2 Kg7 28.Qd2 Qb6 29.Kf3 Qa6
30.Kg2 Qb6 31.Kf1 Qd8 32.Kg2 Rb4 33.Rc7 Rxb3 34.Qc2 Rb4 35.h4 Rc4 36.Rxc4 dxc4
37.hxg5 Qd5+ 38.Kf1 hxg5 39.Qc3 Bd8 40.Ke2 Ba5 41.Qc1 g4 42.Bh6+ Kg6  0-1

[Event "Open"]
[Site "Granada ESP"]
[Date "2007.12.08"]
[Round "6"]
[White "Barsov,A"]
[Black "Ortega Ruiz,J"]
[Result "1-0"]
[WhiteElo "2526"]
[BlackElo "2267"]

1.d4 d5 2.c4 c6 3.Nf3 Nf6 4.Nc3 dxc4 5.a4 Bf5 6.Ne5 Nbd7 7.Nxc4 Qc7 8.Bg5 Ne4
9.Nxe4 Bxe4 10.f3 Bg6 11.Bh4 e5 12.Bg3 Bb4+ 13.Kf2 O-O 14.e3 Rfd8 15.Qb3 a5
16.Nxe5 Nxe5 17.Bxe5 Qe7 18.h4 h5 19.Bf4 Rd5 20.Bc4 Rf5 21.Bd3 Rxf4 22.exf4 Bxd3
23.Qxd3 Rd8 24.Qe3 Rxd4 25.Rad1 Rc4 26.Qxe7 Bxe7 27.Rd7 Bc5+ 28.Kg3 b5 29.axb5 cxb5
30.Re1 g6 31.Re8+ Kg7 32.Rb8 b4 33.Rbb7 Kf6 34.Rxf7+ Ke6 35.Rg7 Kf6 36.Rgc7 Ke6
37.Rc6+ Kd5 38.Rxg6 Rc2 39.b3 Bf2+ 40.Kh3  1-0

[Event "Parsvnath ch-Commonwealth"]
[Site "New Delhi IND"]
[Date "2007.12.08"]
[Round "8"]
[White "Rawat,R"]
[Black "Vijaya Kanth,K"]
[Result "1-0"]
[WhiteElo "2004"]
[BlackElo "2110"]

1.d4 d5 2.c4 c6 3.Nf3 Nf6 4.Nc3 dxc4 5.a4 Bf5 6.e3 e6 7.Bxc4 Nbd7 8.O-O Be7
9.h3 O-O 10.Qe2 Bg6 11.e4 h6 12.Rd1 Qc7 13.g3 Rfe8 14.Bf4 Qa5 15.g4 Bb4 16.Bd2 Qb6
17.e5 Bxc3 18.bxc3 Nd5 19.h4 c5 20.Bb5 Red8 21.c4 Ne7 22.h5 Bh7 23.a5 Qc7
24.d5 exd5 25.cxd5 Nxd5 26.e6 Nf8 27.exf7+ Qxf7 28.Ne5 Qe7 29.Bc4 Kh8 30.Bxd5 Rxd5
31.Bc3 Rxd1+ 32.Rxd1 Re8 33.Qf3 Rc8 34.Re1 Qc7 35.g5 hxg5 36.h6 Ne6 37.hxg7+ Nxg7
38.Nf7+ Kg8 39.Nh6+ Kh8 40.Nf7+ Kg8 41.Nh6+ Kh8 42.Qf6 Rg8 43.Nxg8  1-0

[Event "UTD GM Invitational"]
[Site "Richardson USA"]
[Date "2007.12.08"]
[Round "4"]
[White "Ramirez,Alej"]
[Black "Kuljasevic,D"]
[Result "1/2-1/2"]
[WhiteElo "2505"]
[BlackElo "2464"]

1.d4 d5 2.c4 c6 3.Nf3 Nf6 4.Nc3 dxc4 5.a4 Bf5 6.e3 e6 7.Bxc4 Bb4 8.O-O O-O
9.Qe2 Bg4 10.Rd1 Nbd7 11.h3 Bh5 12.e4 Re8 13.Na2 Bf8 14.Bf4  1/2-1/2

[Event "Parsvnath ch-Commonwealth"]
[Site "New Delhi IND"]
[Date "2007.12.09"]
[Round "9"]
[White "Lalith,B"]
[Black "Nadig,K"]
[Result "1/2-1/2"]
[WhiteElo "2350"]
[BlackElo "2208"]

1.Nf3 Nf6 2.c4 c6 3.Nc3 d5 4.d4 dxc4 5.a4 Bf5 6.Nh4 Bd7 7.g3 Na6 8.Bg2 g6
9.O-O Bg7 10.Nf3 Be6 11.e4 Nb4 12.Be3 O-O 13.Qe2 Nd3 14.h3 h6 15.b3 Qa5 16.Qd2 Kh7
17.bxc4 Bxc4 18.Rfb1 Qa6 19.Bf1 Rad8 20.Qc2 Ne8 21.e5 c5 22.Nb5 Bd5 23.Nd2 cxd4
24.Nxd4 Bxe5 25.Bxd3 Qf6 26.N4b3 Bxa1 27.Rxa1 b6 28.Re1 e5 29.Be4 Bxe4 30.Nxe4 Qe6
31.Kh2 Rc8 32.Qb2 f5 33.Ned2 Nd6 34.h4 Qd5 35.Nf1 Nc4 36.Qb1 Nxe3 37.Nxe3 Qf3
38.Nd1 f4 39.Nd2 fxg3+ 40.fxg3 Qd5 41.Ne4 Rc4 42.h5 Rd4 43.hxg6+ Kg7 44.Ndc3 Qe6
45.Rf1 Rxf1 46.Qxf1 Qxg6 47.Qb5 Qh5+ 48.Kg2 Rd8 49.Qa6 Qf7 50.Qb5 Qh5 51.Nf2 Rf8
52.Nce4 Qf3+ 53.Kg1 Qf5 54.Qd5 Rf7 55.Kh2 Qh5+ 56.Kg2 Qf3+ 57.Kg1 Qf5 58.Qd6 Rd7
59.Qc6 Rf7 60.Qc4 Qf3 61.Qc2 Qe3 62.Kh2 Qf3 63.Qb2 Qf5 64.Kg1 Rd7 65.Qe2 Rd4
66.Qc2 Rd7 67.Kg2 Rf7 68.Qe2 Rd7 69.Qc2  1/2-1/2

[Event "KNSB TCh-NED 2007-8"]
[Site "Netherlands NED"]
[Date "2007.12.15"]
[Round "5"]
[White "Roobol,M"]
[Black "Willemze,J"]
[Result "0-1"]
[WhiteElo "2297"]
[BlackElo "2413"]

1.d4 d5 2.c4 c6 3.Nc3 Nf6 4.Nf3 dxc4 5.a4 Bf5 6.e3 e6 7.Bxc4 Bb4 8.O-O Nbd7
9.Nh4 Bg6 10.f3 Nd5 11.Nxg6 hxg6 12.Ne2 a5 13.e4 N5b6 14.Bb3 e5 15.Be3 Qe7
16.Qc2 exd4 17.Bxd4 Bc5 18.Bxc5 Qxc5+ 19.Qxc5 Nxc5 20.Bc2 Ke7 21.b3 Nbd7
22.Rad1 Ne6 23.Rd2 Ndc5 24.Rfd1 g5 25.h3 Ra6 26.Nd4 Nxd4 27.Rxd4 Rb6 28.Kf2 Re8
29.Rc4 Ne6 30.g3 Rh8 31.Rh1 c5 32.Rc3 Rd6 33.Bd3 Rhd8 34.Ke3 Nd4 35.Bc4 Rh8
36.Rd3 Rdh6 37.e5 Nf5+ 38.Kf2 Rxh3 39.Rxh3 Rxh3 40.g4 Nd4 41.Kg2 Rh8 42.Rd1 Rd8
43.Rh1 Nc2 44.Kg3 Ne3 45.Bb5 Nd5 46.Rh5 Nc7 47.Rxg5 g6 48.Bc4 Ne6 49.Bxe6 Kxe6
50.f4 Rd3+ 51.Kh4 Rxb3 52.f5+ gxf5 53.Rxf5 c4 54.Rf6+ Ke7 55.Rf5 Rb6 56.Kg3 c3
57.Rf2 Rc6 58.Rc2 Ke6  0-1

[Event "KNSB TCh-NED 2007-8"]
[Site "Netherlands NED"]
[Date "2007.12.15"]
[Round "5"]
[White "Peng Zhaoqin"]
[Black "Hoeksema,E"]
[Result "1-0"]
[WhiteElo "2419"]
[BlackElo "2373"]

1.d4 d5 2.c4 c6 3.Nf3 Nf6 4.Nc3 dxc4 5.a4 Bf5 6.Nh4 Bc8 7.e3 e6 8.Bxc4 c5
9.Nf3 Nc6 10.O-O Be7 11.Qe2 cxd4 12.exd4 O-O 13.Rd1 Nb4 14.Ne5 Bd7 15.a5 Rc8
16.Bg5 Be8 17.Qf3 Rc7 18.Bb3 Nfd5 19.Nxd5 Nxd5 20.Bxd5 exd5 21.Bxe7 Rxe7
22.Qa3 Bb5 23.Qb4 a6 24.Re1 Rfe8 25.Re3 f6 26.Ng4 h5 27.Rae1 Kf7 28.Rxe7+ Rxe7
29.Ne3 Re6 30.h3 Bc6 31.f3 Qe7 32.Qxe7+ Rxe7 33.Kf2 h4 34.Rc1 g5 35.f4 Re4
36.fxg5 Rxd4 37.Ng4 Rd2+ 38.Ke3 Rxb2 39.gxf6 Rxg2 40.Rf1 Bb5 41.Ne5+ Kf8
42.Rf5 d4+ 43.Kxd4  1-0

[Event "7th Amplico AIG Life"]
[Site "Warsaw POL"]
[Date "2007.12.16"]
[Round "11"]
[White "Beinoras,M"]
[Black "Felgaer,R"]
[Result "0-1"]
[WhiteElo "2280"]
[BlackElo "2539"]

1.d4 d5 2.c4 c6 3.Nf3 Nf6 4.Nc3 dxc4 5.a4 Bf5 6.Nh4 e6 7.Nxf5 exf5 8.e3 Bb4
9.Bxc4 O-O 10.O-O Nbd7 11.Qc2 Nb6 12.Bd3 g6 13.Bd2 a5 14.Rad1 Re8 15.Rfe1 Bd6
16.g3 Nbd5 17.Nxd5 cxd5 18.Qb3 Re7 19.Rc1 h5 20.Rc2 h4 21.Rec1 Kg7 22.Bf1 hxg3
23.hxg3 Qd7 24.Bg2 Qe6 25.Qd3 Ne4 26.Be1 g5 27.Qe2 Rh8 28.Bxa5 Qh6 29.Bc7 Rxc7
30.Rxc7 Bxg3 31.Kf1 Qh2 32.Qb5 Bxc7 33.Qxd5 Bg3 34.Qxf5 Bxf2 35.Bxe4 Bxe3
36.Rc2 Qg1+ 37.Ke2 Bxd4 38.Kd3 Qe3+ 39.Kc4 Bf6 40.Rf2 Qd4+ 41.Kb3 Rh4 42.Re2 Rf4
43.Qh7+ Kf8 44.Qh1 b6 45.Qh6+ Bg7 46.Qc6 Bf6 47.Ka2 g4 48.Qc8+ Kg7 49.Qc6 g3
50.Kb3 Rf2 51.Rxf2 gxf2 52.Bg2 Qxb2+ 53.Kc4 Qc1+ 54.Kb5 f1=Q+ 55.Bxf1 Qxf1+
56.Kxb6 Bd4+ 57.Kb7 Qb1+ 58.Ka8 Qb6 59.Qg2+ Kf8  0-1

[Event "4th SICC Masters"]
[Site "Singapore SIN"]
[Date "2007.12.17"]
[Round "1"]
[White "Dao Thien Hai"]
[Black "Simanjuntak,S"]
[Result "1-0"]
[WhiteElo "2530"]
[BlackElo "2271"]

1.d4 d5 2.c4 c6 3.Nf3 Nf6 4.Nc3 dxc4 5.a4 Bf5 6.Ne5 Nbd7 7.Nxc4 Nb6 8.Ne5 a5
9.f3 e6 10.e4 Bg6 11.Be3 Nfd7 12.Nxd7 Nxd7 13.Bc4 Qb6 14.Qe2 Rd8 15.Ba2 e5
16.dxe5 Bc5 17.Bg5 f6 18.exf6 gxf6 19.Bh4 Bf7 20.Bxf7+ Kxf7 21.O-O-O Ne5
22.f4 Be3+ 23.Kb1 Ng6 24.Bg3 Nxf4 25.Qf1 Qb4 26.Bxf4 Rxd1+ 27.Qxd1 Bxf4 28.Qh5+ Ke7
29.Qg4 Be5 30.Rd1  1-0

[Event "4th SICC Masters"]
[Site "Singapore SIN"]
[Date "2007.12.20"]
[Round "7"]
[White "Sitanggang,S"]
[Black "Paragua,M"]
[Result "1-0"]
[WhiteElo "2410"]
[BlackElo "2514"]

1.d4 d5 2.Nf3 Nf6 3.c4 c6 4.Nc3 dxc4 5.a4 Bf5 6.e3 e6 7.Bxc4 Nbd7 8.O-O Bb4
9.Qe2 O-O 10.e4 Bg6 11.Bd3 Bh5 12.Bf4 Re8 13.e5 Nd5 14.Nxd5 cxd5 15.Qe3 Be7
16.a5 a6 17.Ng5 Bg6 18.Bxg6 hxg6 19.Nf3 Nb8 20.Bg5 Nc6 21.Bxe7 Nxe7 22.g4 Nc6
23.Qd2 Qe7 24.Ra4 Rac8 25.Re1 Rc7 26.Ng5 Rec8 27.h4 Qe8 28.Ra3 Qe7 29.Rb3 Nd8
30.Kg2 Rc4 31.Rh1 f6 32.Nf3 Nc6 33.h5 fxe5 34.hxg6 Qf6 35.Qg5 Qxg5 36.Nxg5 Nxd4
37.Nf7 Kf8 38.Rxb7 R8c7 39.Rxc7 Rxc7 40.Nxe5 Rc2 41.Kg3 Rxb2 42.Rh8+ Ke7
43.f4 Ne2+ 44.Kf3 Ng1+ 45.Ke3 Rb3+ 46.Nd3 Kf6 47.Ra8 Nf3 48.Kxf3 Rxd3+ 49.Kf2 Rd2+
50.Ke3 Ra2 51.Rxa6 Ra3+ 52.Kf2 Kxg6 53.Rxe6+ Kf7 54.Ra6 d4 55.f5 Ra2+ 56.Kf3 d3
57.g5 d2 58.Ke2 d1=Q+ 59.Kxd1 Rg2 60.Ra7+ Kf8 61.g6  1-0

[Event "4th SICC Masters"]
[Site "Singapore SIN"]
[Date "2007.12.21"]
[Round "9"]
[White "Sadorra,J"]
[Black "Wu Shaobin"]
[Result "1/2-1/2"]
[WhiteElo "2414"]
[BlackElo "2449"]

1.Nf3 Nf6 2.c4 c6 3.d4 d5 4.Nc3 dxc4 5.a4 Bf5 6.e3 e6 7.a5 Nbd7 8.Bxc4 b5
9.axb6 axb6 10.Rxa8 Qxa8 11.Nh4 Bg4 12.f3 Bh5 13.g4 Bg6 14.e4 b5 15.Bb3 Nb6
16.Be3 Nfd7 17.d5 exd5 18.Bxb6 Nxb6 19.Qd4 Qd8 20.Nxg6 hxg6 21.exd5 Be7 22.d6 O-O
23.Qc5 Bxd6 24.Qxc6 Nc4 25.Kf2 Qf6 26.Qd5 Rd8 27.Bxc4 bxc4 28.Qxc4 Bf4 29.b4 Rd2+
30.Ne2 Qh4+ 31.Kg2 Qe7 32.Re1 Bg5 33.Kf1 Qe3 34.Qe4 Qxe4 35.fxe4 Rb2 36.Rd1 Rxb4
37.Rd4  1/2-1/2

[Event "Harmonie Open A"]
[Site "Groningen NED"]
[Date "2007.12.23"]
[Round "3"]
[White "Li Shilong"]
[Black "Mastrovasilis,D"]
[Result "1-0"]
[WhiteElo "2509"]
[BlackElo "2559"]

1.d4 d5 2.c4 c6 3.Nf3 Nf6 4.Nc3 dxc4 5.a4 Bf5 6.Ne5 Nbd7 7.Nxc4 Nb6 8.Ne5 a5
9.g3 e6 10.Bg2 Bb4 11.O-O O-O 12.e3 h6 13.Qe2 Bh7 14.Rd1 Nfd7 15.Nd3 Bxd3
16.Qxd3 Qe7 17.b3 Rfd8 18.Bb2 e5 19.Qc2 exd4 20.Rxd4 Nf6 21.Ne2 Nbd7 22.Rad1 Nc5
23.Rxd8+ Rxd8 24.Rxd8+ Qxd8 25.Nd4 Qe7 26.Nf5 Qe6 27.Nd4 Qe7 28.h3 g6 29.Bxc6 bxc6
30.Nxc6 Qd7 31.Nxb4 Nfe4 32.Na6 Nd3 33.Nb8 Qf5 34.g4 Qxf2+ 35.Qxf2 Nexf2
36.Bc3 Nxh3+ 37.Kg2 Nhf2 38.Bxa5 Nxg4 39.Bb6 Nf6 40.a5 Nd5 41.Bd8 Nc5 42.a6 Nxe3+
43.Kf3 Nxa6 44.Nxa6 Nc2 45.Bf6 Kf8 46.Ke2 Ke8 47.Bb2  1-0

[Event "37th Rilton Cup"]
[Site "Stockholm SWE"]
[Date "2007.12.28"]
[Round "2"]
[White "Cramling,P"]
[Black "Stjazhkina,O"]
[Result "1-0"]
[WhiteElo "2531"]
[BlackElo "2315"]

1.d4 d5 2.Nf3 Nf6 3.c4 c6 4.Nc3 dxc4 5.a4 Bf5 6.Nh4 Bc8 7.e3 e5 8.Bxc4 exd4
9.exd4 Bd6 10.O-O O-O 11.Nf3 Bg4 12.h3 Bh5 13.g4 Bg6 14.Ne5 Ne4 15.f4 Nxc3
16.bxc3 Be4 17.Qb3 Bxe5 18.fxe5 Bd5 19.Ba3 Re8 20.Rf2 h5 21.Raf1 hxg4 22.Rxf7 Qh4
23.Bxd5 cxd5 24.Rf8+ Kh7 25.Qc2+  1-0

[Event "Harmonie Open A"]
[Site "Groningen NED"]
[Date "2007.12.30"]
[Round "9"]
[White "Hovenga,A"]
[Black "Skatchkov,P"]
[Result "1/2-1/2"]
[WhiteElo "2186"]
[BlackElo "2509"]

1.d4 d5 2.c4 c6 3.Nf3 Nf6 4.Nc3 dxc4 5.a4 Bf5 6.Ne5 Nbd7 7.Nxc4 Qc7 8.g3 e5
9.dxe5 Nxe5 10.Bf4 Nfd7 11.Bg2 f6 12.O-O g5 13.Bxe5 Nxe5 14.Nxe5 Qxe5 15.a5 a6
16.Qb3 Qe7 17.Rfc1 Qb4 18.Ra3 Qxb3 19.Rxb3 O-O-O 20.Ne4 Be7 21.h3 Be6 22.Re3 Bb4
23.Ra1 Bf7 24.Nxf6 Rd2 25.Ne4 Rxb2 26.Nxg5 Bc4  1/2-1/2

[Event "Harmonie Open A"]
[Site "Groningen NED"]
[Date "2007.12.30"]
[Round "9"]
[White "Halkias,S"]
[Black "Li Shilong"]
[Result "1-0"]
[WhiteElo "2590"]
[BlackElo "2509"]

1.d4 d5 2.c4 c6 3.Nc3 Nf6 4.Nf3 dxc4 5.a4 Bf5 6.Ne5 Nbd7 7.Nxc4 Nb6 8.Ne3 Bg6
9.a5 Nbd7 10.g3 e5 11.a6 exd4 12.Qxd4 Bc5 13.Qh4 b5 14.Bg2 Rc8 15.O-O O-O
16.Bh3 Re8 17.Rd1 Re5 18.Qf4 Rh5 19.Bxd7 Nxd7 20.g4 Rh6  1-0

[Event "Petrovskaya Ladya IM"]
[Site "Peterhof RUS"]
[Date "2008.01.07"]
[Round "7"]
[White "Khamitskiy,S"]
[Black "Timofeev,An"]
[Result "0-1"]
[WhiteElo "2367"]
[BlackElo "2242"]

1.d4 d5 2.Nf3 c6 3.c4 Nf6 4.Nc3 dxc4 5.a4 Bf5 6.Ne5 Na6 7.f3 Nd7 8.Nxc4 e5
9.e4 exd4 10.exf5 dxc3 11.bxc3 Qf6 12.Qe2+ Be7 13.Rb1 Nac5 14.Qc2 O-O 15.Bf4 Rfe8
16.Be2 Nb6 17.O-O Ncxa4 18.Nxb6 axb6 19.Rb3 Bc5+ 20.Kh1 Nxc3 21.Rxc3 Rxe2
22.Qxe2 Qxc3 23.Be5 Qe3 24.Qb2 Re8 25.Bg3 Qd3  0-1